000 00799nam a2200265 a 4500
001 000015504
003 DO-SdBNP
005 20171002100125.0
007 000015504
008 100211s2010 dr 000 f spa d
020 _a9789945429107
040 _aBPMSU
_bspa
_cBPMSU
082 4 _aRD863.44
_bV145p
100 1 _aValdez, Pedro Antonio,
_d1968-
245 1 0 _aPalomos /
_cPedro Antonio Valdez.
260 _aSanto Domingo :
_bAlfaguara,
_c2009 (reimpresión 2010)
300 _a201 p. ;
_c23 cm.
500 _aIncluye datos biográficos del autor en la solapa de la cubierta.
500 _aIncluye musicografía
650 4 _aNOVELA DOMINICANA
650 4 _aLITERATURA DOMINICANA
942 _2ddc
_cBK
945 _aInventariado / 2017 VM
956 _aVMATEO
_b10
_c20150623
_lBPMSU
_h00151
999 _c7934
_d7934